000 00411nmm a2200145Ia 4500
008 251105s9999||||xx |||||||||||||||||und||
041 _aspa
100 _aSweeney, Kate
245 0 _aVientos celestiales
264 _a[Madrid, España] :
_bEditorial Egales,
_c2019
300 _a360 páginas
650 _aNorth American narrative
856 _uhttps://public.digitaliapublishing.com/a/158432
942 _cCF
999 _c106641
_d106641